书目信息 |
| 题名: |
城市轨道交通地下工程建设风险管理规范
|
|
| 作者: | 王明年 , 中华人民共和国住房和城乡建设部 主编 | |
| 分册: | ||
| 出版信息: | 北京 中国建筑工业出版社 2011.05 |
|
| 页数: | 90页 | |
| 开本: | 20cm | |
| 丛书名: | ||
| 单 册: | ||
| 中图分类: | U239.5 , U239.5-65 | |
| 科图分类: | ||
| 主题词: | 城市铁路--地下铁道车站--设计--教材 , 城市铁路--地下铁道车站--工程施工--教材 , 地下铁道车站 , 城市铁路 | |
| 电子资源: | ||
| ISBN: | ||
| 000 | 01356nam0 2200277 450 | |
| 001 | 1654644362 | |
| 005 | 20160503151617.92 | |
| 010 | @dCNY 16.00 | |
| 100 | @a20140522d2011 em y0chiy50 ea | |
| 101 | 0 | @achi |
| 105 | @aa z 000yy | |
| 200 | 1 | @a城市轨道交通地下工程建设风险管理规范@Acheng shi gui dao jiao tong di xia gong cheng jian she feng xian guan li gui fan@9cheng shi gui dao jiao tong di xia che zhan she ji yu shi gong@b专著@f中华人民共和国住房和城乡建设部主编@Fzhong hua ren min gong he guo zhu fang he cheng xiang jian she bu zhu bian |
| 210 | @a北京@c中国建筑工业出版社@d2011.05 | |
| 215 | @a90页@c图@d20cm | |
| 300 | @a城市轨道交通系列教材/蒋葛夫,翟婉明主编 | |
| 330 | @a本书介绍了城市轨道交通的发展,轨道交通线网的形式和组成,地下车站的构成、结构设计和施工方法,以及未来发展方向;地下车站的规划和限界;地下车站的建筑设计和装修;地下车站的技术设备和运营系统(通风空调系统、防灾报警系统、给排水系统等)。 | |
| 606 | 0 | @a城市铁路@x地下铁道车站@x设计@j教材 |
| 606 | 0 | @a城市铁路@x地下铁道车站@x工程施工@j教材 |
| 606 | 0 | @a地下铁道车站 |
| 606 | 0 | @a城市铁路 |
| 690 | @aU239.5@v5 | |
| 690 | @aU239.5-65@v4 | |
| 701 | 0 | @a王明年@9wang ming nian@4主编 |
| 701 | 0 | @a中华人民共和国住房和城乡建设部@Azhong hua ren min gong he guo zhu fang he cheng xiang jian she bu@4主编 |
| 801 | 0 | @c20141220 |
| 905 | @a241430@dU239.5-65@eW284 | |
| 城市轨道交通地下工程建设风险管理规范/中华人民共和国住房和城乡建设部主编.-北京:中国建筑工业出版社,2011.05 |
| 90页:图;20cm |
| 城市轨道交通系列教材/蒋葛夫,翟婉明主编 |
| ISBN :CNY 16.00 |
| 本书介绍了城市轨道交通的发展,轨道交通线网的形式和组成,地下车站的构成、结构设计和施工方法,以及未来发展方向;地下车站的规划和限界;地下车站的建筑设计和装修;地下车站的技术设备和运营系统(通风空调系统、防灾报警系统、给排水系统等)。 |
| ● |
| 相关链接 |
|
|
|
正题名:城市轨道交通地下工程建设风险管理规范
索取号:U239.5-65/W284
 
预约/预借
| 序号 | 登录号 | 条形码 | 馆藏地/架位号 | 状态 | 备注 |
| 1 | 1237759 | 212377596 | 管理学院资料室/ [索取号:U239.5-65/W284] | 在馆 | |
| 2 | 1237760 | 212377603 | 管理学院资料室/ [索取号:U239.5-65/W284] | 在馆 |